| 000 | 00701nam a2200205 i 4500 | ||
|---|---|---|---|
| 001 | 33282 | ||
| 003 | ES-MaACL | ||
| 005 | 20250804072404.0 | ||
| 007 | t| | ||
| 008 | 030201s1980 sp ||||1| spa d | ||
| 100 | 1 |
_aBergamín, José, _d1895-1983 _927925 |
|
| 245 | 1 | 0 |
_aPoesías casi completas / _cJosé Bergamín ; con unas palabras de María Zambrano. |
| 260 |
_aMadrid : _bAlianza Editorial, _c[1980] |
||
| 300 |
_a167 p. ; _c18 cm. |
||
| 490 | 1 |
_aEl libro de bolsillo. Sección literatura ; _v756 |
|
| 700 | 1 |
_aZambrano, María, _d1904-1991 _9117914 |
|
| 830 | 0 | 3 |
_aEl libro de bolsillo. _pLiteratura _v756 _9180913 |
| 852 |
_aES-MaACL _jL-6169 _bR.106142 |
||
| 999 |
_c33282 _d33282 |
||